<?xml version="1.0" encoding="UTF-8"?><?xml-stylesheet type="text/xsl" href="static/style.xsl"?><OAI-PMH xmlns="http://www.openarchives.org/OAI/2.0/" xmlns:xsi="http://www.w3.org/2001/XMLSchema-instance" xsi:schemaLocation="http://www.openarchives.org/OAI/2.0/ http://www.openarchives.org/OAI/2.0/OAI-PMH.xsd"><responseDate>2026-04-14T03:45:12Z</responseDate><request verb="GetRecord" identifier="oai:www.recercat.cat:20.500.12327/2478" metadataPrefix="marc">https://recercat.cat/oai/request</request><GetRecord><record><header><identifier>oai:recercat.cat:20.500.12327/2478</identifier><datestamp>2025-10-22T11:27:41Z</datestamp><setSpec>com_2072_4428</setSpec><setSpec>com_2072_4427</setSpec><setSpec>col_2072_487898</setSpec></header><metadata><record xmlns="http://www.loc.gov/MARC21/slim" xmlns:dcterms="http://purl.org/dc/terms/" xmlns:xsi="http://www.w3.org/2001/XMLSchema-instance" xmlns:doc="http://www.lyncode.com/xoai" xsi:schemaLocation="http://www.loc.gov/MARC21/slim http://www.loc.gov/standards/marcxml/schema/MARC21slim.xsd">
   <leader>00925njm 22002777a 4500</leader>
   <datafield ind2=" " ind1=" " tag="042">
      <subfield code="a">dc</subfield>
   </datafield>
   <datafield ind2=" " ind1=" " tag="720">
      <subfield code="a">Schubart, Christoph D.</subfield>
      <subfield code="e">author</subfield>
   </datafield>
   <datafield ind2=" " ind1=" " tag="720">
      <subfield code="a">Guerao, Guillermo</subfield>
      <subfield code="e">author</subfield>
   </datafield>
   <datafield ind2=" " ind1=" " tag="720">
      <subfield code="a">Abelló, Pere</subfield>
      <subfield code="e">author</subfield>
   </datafield>
   <datafield ind2=" " ind1=" " tag="260">
      <subfield code="c">2012-03</subfield>
   </datafield>
   <datafield ind2=" " ind1=" " tag="520">
      <subfield code="a">The panopeid crab Dyspanopeus sayi (Smith, 1869) is reported here from the Ebro Delta (Mediterranean coast&#xd;
of the Iberian Peninsula). Originally endemic to the Atlantic coast of North America, D. sayi was involuntarily introduced&#xd;
into Britain, France and the Netherlands, and into the Adriatic and Black Sea within the last thirty years. Here we provide&#xd;
the first record of this species from the western Mediterranean Sea. Occurrences of ovigerous females at different localities&#xd;
of the delta and in different years provide evidence that the population is well established. Mitochondrial DNA confirms&#xd;
the identity of the species and indicates that the introduced population consists of at least three female lineages. The first&#xd;
zoeal stage of D. sayi was obtained in the laboratory from an ovigerous female captured in August 2010 with embryos in an&#xd;
advanced stage of development. The morphology of the zoea I is described here in detail and is similar to the one previously&#xd;
reported for native populations.</subfield>
   </datafield>
   <datafield ind1="8" ind2=" " tag="024">
      <subfield code="a">Schubart, Christoph D., Guillermo Guerao, and Pere Abelló. 2012. “First Record and Evidence of an Established Population of the North American Mud Crab Dyspanopeus Sayi (Brachyura: Heterotremata: Panopeidae) in the Western Mediterranean.” Scientia Marina. 76 (1): 79–85. doi:10.3989/scimar.03361.16a.</subfield>
   </datafield>
   <datafield ind1="8" ind2=" " tag="024">
      <subfield code="a">0214-8358</subfield>
   </datafield>
   <datafield ind1="8" ind2=" " tag="024">
      <subfield code="a">http://hdl.handle.net/20.500.12327/2478</subfield>
   </datafield>
   <datafield ind1="8" ind2=" " tag="024">
      <subfield code="a">https://doi.org/10.3989/scimar.03361.16a</subfield>
   </datafield>
   <datafield ind2="0" ind1="0" tag="245">
      <subfield code="a">First record and evidence of an established population of the North American mud crab Dyspanopeus sayi (Brachyura: Heterotremata: Panopeidae) in the western Mediterranean</subfield>
   </datafield>
</record></metadata></record></GetRecord></OAI-PMH>